000 00356nam a2200133Ia 4500
005 20260326235454.0
008 260326s9999||||xx |||||||||||||| ||und||
100 _aRosenau, Helen
245 0 _aLa CiudadIdeal :
_b Su Evolución Arquitectónica en Europa /
_cHelen Rosenau
260 _bAlianza
300 _a197 p.
650 _aDISEÑO URBANO
942 _cBK
999 _c7883
_d7883